000 00794nam a22002537a 4500
003 CHAP
005 20220329141624.0
008 971013s1985 r 00010 d
010 _a71197
011 _a72169
035 _a81723
040 _cCHAP
090 _aFolleto 11513
100 0 0 _aAdams, Roger G.
_9870
245 _aInsects and related pest of ornamental plants
_b: a guide for arborists
260 _aStons, Ct. :
_bUniversity of Connecticut. College of Agriculture and Natural Resources,
_c(1985)
300 _a24 p.
590 _aBATCH-UPD
_b10
_c20130110
_lUCH01
_h1616
590 _aCONVERSION
_b10
_c20130109
_lUCH01
_h1339
650 1 4 _aPlantas ornamentales
_xPlagas.
_989072
901 _aBK
942 _cFOLL
949 _aFolleto 11513
_bBC
_cFOLL
_d-35303
_eTS1
_i81723
_mD
_si
999 _c71197
_d71197